[Event "Guillermo Garcia Memorial op 24th"]
[Site "Santa Clara"]
[Date "2015.06.11"]
[Round "9"]
[White "Diaz Del Valle, Laura Beatriz"]
[Black "De la O Montalvo, Carolina"]
[Result "1-0"]
[WhiteElo "1946"]
[BlackElo "1743"]
[PlyCount "55"]
[EventDate "2015.06.03"]
[EventType "swiss"]
[EventRounds "9"]
[EventCountry "CUB"]
[SourceTitle "CBM 167 Extra"]
[Source "ChessBase"]
[SourceDate "2015.09.14"]
[SourceVersion "1"]
[SourceVersionDate "2015.09.14"]
[SourceQuality "1"]

1. d4 Nf6 2. c4 g6 3. Nc3 Bg7 4. e4 d6 5. Be2 0-0 6. Bg5 h6 7. Be3 Na6 8. Qd2 Kh7 9. f3 c5 10. d5 Nc7 11. g4 Ng8 12. Nh3 Bd7 13. Nf2 a6 14. h4 b5 15. g5 h5 16. f4 bxc4 17. Bxh5 gxh5 18. Qe2 Bxc3+ 19. bxc3 Kg7 20. Qxh5 Be8 21. f5 f6 22. g6 Rf7 23. Rg1 Kf8 24. Bh6+ Nxh6 25. Qxh6+ Rg7 26. Qh8+ Rg8 27. g7+ Kf7 28. Qh5# 1-0

[Event "Guillermo Garcia Memorial op 24th"]
[Site "Santa Clara"]
[Date "2015.06.04"]
[Round "2"]
[White "Rodriguez Dosina, Adrian"]
[Black "De la O Montalvo, Carolina"]
[Result "1-0"]
[WhiteElo "2165"]
[BlackElo "1743"]
[PlyCount "59"]
[EventDate "2015.06.03"]
[EventType "swiss"]
[EventRounds "9"]
[EventCountry "CUB"]
[SourceTitle "CBM 167 Extra"]
[Source "ChessBase"]
[SourceDate "2015.09.14"]
[SourceVersion "1"]
[SourceVersionDate "2015.09.14"]
[SourceQuality "1"]

1. c4 Nf6 2. Nc3 g6 3. e4 d6 4. g3 Bg7 5. Bg2 e5 6. Nge2 Be6 7. d3 0-0 8. 0-0 Nc6 9. h3 Nd7 10. Rb1 a5 11. Be3 Ne7 12. Kh2 c6 13. b3 Rb8 14. d4 d5 15. exd5 cxd5 16. cxd5 Bf5 17. Rc1 exd4 18. Nxd4 Nf6 19. d6 Nc8 20. Nxf5 gxf5 21. Bf4 Nd7 22. Re1 b5 23. Nd5 Re8 24. Ne7+ Kh8 25. Nc6 Rxe1 26. Qxe1 Qf8 27. Nxb8 Nxb8 28. Qxa5 Nxd6 29. Qc7 Bb2 30. Bxd6 1-0